Equipes de hockey françaises - Statistiques

Statistiques générales
  • Ce quiz a été pris 200 fois
  • Le résultat moyen est 29 sur 62
Statistiques - réponses
Ligues Clubs % Correct
Ligue Magnus Rouen
91%
D1 Marseille
90%
Ligue Magnus Grenoble
88%
Ligue Magnus Amiens
82%
Ligue Magnus Angers
81%
Ligue Magnus Bordeaux
81%
Ligue Magnus Nice
78%
Ligue Magnus Gap
74%
D1 Strasbourg
72%
Ligue Magnus Cergy-Pontoise
71%
D3 Lyon
71%
D1 Nantes
71%
Ligue Magnus Anglet
69%
D1 Brest
68%
Ligue Magnus Briançon
68%
Ligue Magnus Chamonix
67%
D1 Caen
66%
Ligue Magnus Mulhouse
64%
D1 Dunkerque
62%
D2 Paris
62%
D1 Epinal
60%
D2 Toulouse-Blagnac
60%
D2 Villard-de-Lans
60%
D1 Tours
54%
D1 Montpellier
51%
D2 Valence
51%
D1 Chambéry
48%
D3 Rennes
48%
D2 Annecy
46%
D3 Dijon
46%
D1 Cholet
45%
D2 Reims
43%
D2 Clermont-Ferrand
40%
D1 Mont-Blanc
39%
D1 Neuilly-sur-Marne
38%
D3 Metz
35%
D2 Meudon
35%
D3 Toulon
35%
D2 Valenciennes
35%
D3 Orléans
32%
D3 Poitiers
32%
D3 La Roche-sur-Yon
31%
D2 Colmar
30%
D3 Nîmes
29%
D3 Champigny
28%
D2 Roanne
28%
D2 Courbevoie
27%
D1 Morzine-Avoriaz
27%
D2 Courchevel-Méribel-Pralognan
26%
D3 Avignon
25%
D2 Evry-Viry
22%
D2 Amnéville
21%
D3 Châlons-en-Champagne
21%
D3 Limoges
20%
D3 Luxembourg
20%
D3 Asnières
18%
D3 Compiègne
18%
D3 Boulogne-Billancourt
16%
D3 Garges-lès-Gonesse
9%
D2 Wasquehal-Lille
9%
D3 Dammarie-lès-Lys
8%
D2 Vaujany-Grenoble
8%
Aucun quiz correspondant
Distribution des résultats
% des personnes avec chaque résultat
Percentile par nombre de réponses
Votre historique - résultats
Vous n’avez pas pris ce quiz